<?xml version="1.0" encoding="UTF-8"?><?xml-stylesheet type="text/xsl" href="static/style.xsl"?><OAI-PMH xmlns="http://www.openarchives.org/OAI/2.0/" xmlns:xsi="http://www.w3.org/2001/XMLSchema-instance" xsi:schemaLocation="http://www.openarchives.org/OAI/2.0/ http://www.openarchives.org/OAI/2.0/OAI-PMH.xsd"><responseDate>2026-04-29T02:37:49Z</responseDate><request verb="GetRecord" identifier="oai:repisalud.isciii.es:20.500.12105/26392" metadataPrefix="marc">https://repisalud.isciii.es/rest/oai/request</request><GetRecord><record><header><identifier>oai:repisalud.isciii.es:20.500.12105/26392</identifier><datestamp>2025-12-18T13:01:01Z</datestamp><setSpec>com_20.500.12105_2052</setSpec><setSpec>com_20.500.12105_2051</setSpec><setSpec>col_20.500.12105_19609</setSpec></header><metadata><record xmlns="http://www.loc.gov/MARC21/slim" xmlns:dcterms="http://purl.org/dc/terms/" xmlns:doc="http://www.lyncode.com/xoai" xmlns:xsi="http://www.w3.org/2001/XMLSchema-instance" xsi:schemaLocation="http://www.loc.gov/MARC21/slim http://www.loc.gov/standards/marcxml/schema/MARC21slim.xsd">
   <leader>00925njm 22002777a 4500</leader>
   <datafield ind2=" " ind1=" " tag="042">
      <subfield code="a">dc</subfield>
   </datafield>
   <datafield ind2=" " ind1=" " tag="720">
      <subfield code="a">Luzón-García, María Pilar</subfield>
      <subfield code="e">author</subfield>
   </datafield>
   <datafield ind2=" " ind1=" " tag="720">
      <subfield code="a">Navarro, Laura</subfield>
      <subfield code="e">author</subfield>
   </datafield>
   <datafield ind2=" " ind1=" " tag="720">
      <subfield code="a">Rodríguez, Esther</subfield>
      <subfield code="e">author</subfield>
   </datafield>
   <datafield ind2=" " ind1=" " tag="720">
      <subfield code="a">Soriano-Pérez, Manuel Jesús</subfield>
      <subfield code="e">author</subfield>
   </datafield>
   <datafield ind2=" " ind1=" " tag="720">
      <subfield code="a">Vázquez-Villegas, José</subfield>
      <subfield code="e">author</subfield>
   </datafield>
   <datafield ind2=" " ind1=" " tag="720">
      <subfield code="a">Cabeza-Barrera, María Isabel</subfield>
      <subfield code="e">author</subfield>
   </datafield>
   <datafield ind2=" " ind1=" " tag="720">
      <subfield code="a">Loukas, Alex</subfield>
      <subfield code="e">author</subfield>
   </datafield>
   <datafield ind2=" " ind1=" " tag="720">
      <subfield code="a">Castillo-Fernández, Nerea</subfield>
      <subfield code="e">author</subfield>
   </datafield>
   <datafield ind2=" " ind1=" " tag="720">
      <subfield code="a">Perteguer-Prieto, Maria Jesus</subfield>
      <subfield code="e">author</subfield>
   </datafield>
   <datafield ind2=" " ind1=" " tag="720">
      <subfield code="a">Sotillo, Javier</subfield>
      <subfield code="e">author</subfield>
   </datafield>
   <datafield ind2=" " ind1=" " tag="720">
      <subfield code="a">Salas-Coronas, Joaquin</subfield>
      <subfield code="e">author</subfield>
   </datafield>
   <datafield ind2=" " ind1=" " tag="260">
      <subfield code="c">2025-01-22</subfield>
   </datafield>
   <datafield ind2=" " ind1=" " tag="520">
      <subfield code="a">Different agencies have emphasized the need to evaluate current serological methods for screening patients with suspected urogenital schistosomiasis. However, there is still a lack of evidence regarding the most appropriate methods for this purpose. Here we assessed the diagnostic efficacy of a newly developed serological technique that utilizes the recombinant protein -TSP-2, applied to the urine and serum of migrants suspected of having urogenital schistosomiasis. The sensitivity, specificity, positive and negative predictive values of an in-house enzyme-linked immunosorbent assay (ELISA) using the recombinant protein -TSP-2 were analysed and compared with other commercial serological methods. Due to the limitations of microscopy as a perfect reference method, a latent class analysis (LCA) and composite reference standard (CRS) approach was used to determine the sensitivity and specificity of each test. According to the LCA model, the commercial tests NovaLisa and immunochromatography test (ICT) immunoglobulin G–immunoglobulin M (IgG–IgM) presented the highest sensitivity (100%), whereas the -TSP-2 serum ELISA test had 79.2%. The -TSP-2 urine and serum ELISA tests had the highest specificities among the serological methods (87.5 and 75%, respectively). CRS modelling showed that the ICT IgG–IgM, NovaLisa and -TSP-2 serum tests led in sensitivity at 97.1, 88.6 and 71.4%, respectively, with all tests except that the ICT IgG–IgM test having a specificity >90%. -TSP-2 has been validated as a screening tool for patients suspected of having urogenital schistosomiasis. Although commercial serological tests have shown higher sensitivities, -TSP-2 could be valuable for confirming results from tests with lower specificity. Nevertheless, further studies with larger patient cohorts are necessary to fully verify its potential.</subfield>
   </datafield>
   <datafield ind1="8" ind2=" " tag="024">
      <subfield code="a">Luzón-García MP, Navarro L, Rodríguez E, Soriano-Pérez MJ, Vázquez-Villegas J, Cabeza-Barrera MI, Loukas A, Castillo-Fernández N, Perteguer MJ, Sotillo J, Salas-Coronas J. Evaluation of the recombinant protein Sh-TSP-2 for the serological diagnosis of imported urogenital schistosomiasis and comparison with commercially available tests. Parasitology. 2025 Jan 22:1-10.</subfield>
   </datafield>
   <datafield ind1="8" ind2=" " tag="024">
      <subfield code="a">0031-1820</subfield>
   </datafield>
   <datafield ind1="8" ind2=" " tag="024">
      <subfield code="a">https://hdl.handle.net/20.500.12105/26392</subfield>
   </datafield>
   <datafield ind1="8" ind2=" " tag="024">
      <subfield code="a">39838901</subfield>
   </datafield>
   <datafield ind1="8" ind2=" " tag="024">
      <subfield code="a">10.1017/S0031182024001574</subfield>
   </datafield>
   <datafield ind1="8" ind2=" " tag="024">
      <subfield code="a">1469-8161</subfield>
   </datafield>
   <datafield ind1="8" ind2=" " tag="024">
      <subfield code="a">Parasitology</subfield>
   </datafield>
   <datafield tag="653" ind2=" " ind1=" ">
      <subfield code="a">Schistosoma haematobium</subfield>
   </datafield>
   <datafield tag="653" ind2=" " ind1=" ">
      <subfield code="a">Diagnostics</subfield>
   </datafield>
   <datafield tag="653" ind2=" " ind1=" ">
      <subfield code="a">Migrants</subfield>
   </datafield>
   <datafield tag="653" ind2=" " ind1=" ">
      <subfield code="a">Travellers</subfield>
   </datafield>
   <datafield tag="653" ind2=" " ind1=" ">
      <subfield code="a">Urogenital schistosomiasis</subfield>
   </datafield>
   <datafield ind2="0" ind1="0" tag="245">
      <subfield code="a">Evaluation of the recombinant protein -TSP-2 for the serological diagnosis of imported urogenital schistosomiasis and comparison with commercially available tests</subfield>
   </datafield>
</record></metadata></record></GetRecord></OAI-PMH>